000 00191 a2200097 4500
020 _a9802570370
041 _aspa
100 _aMarella Fuenmayor
245 _aUn dia en la oficina
942 _cK
999 _c28809
_d28809